000
00238 a2200097 4500
001
51733
100
_a
Ghulam Ahmed Hurary
245
_a
Arabi Urdu Bool Chall
260
_a
Lahore
_b
Mektaba Al-Qurash Urdu Bazar
_c
090
_c
32716
_d
32716
942
_a
NUST-CAE
_c
M
_c
25243
999
_c
286806
_d
286806